[Event "Titled Tuesday intern op 28th Dec"]
[Site "Chess.com INT"]
[Date "2021.12.28"]
[Round "2"]
[White "Cramling Bellon, Anna"]
[Black "Santos Flores, Alberto Javier"]
[Result "0-1"]
[WhiteElo "2057"]
[BlackElo "2182"]
[PlyCount "94"]
[EventDate "2021.12.28"]
[EventType "swiss (blitz)"]
[EventRounds "11"]
[EventCountry "USA"]
[SourceTitle "CBM 206 Extra"]
[Source "ChessBase"]
[SourceDate "2022.03.31"]
[SourceVersion "1"]
[SourceVersionDate "2022.03.31"]
[SourceQuality "1"]

1. d4 d5 2. c4 c6 3. Nf3 Nf6 4. Nc3 dxc4 5. a4 Bf5 6. Nh4 Bc8 7. Nf3 Bf5 8. Nh4 Bg6 9. Nxg6 hxg6 10. e3 e6 11. Bxc4 Nbd7 12. O-O Bb4 13. Bd2 O-O 14. Ne2 Bxd2 15. Qxd2 e5 16. Rad1 exd4 17. Nxd4 Ne5 18. Bb3 c5 19. Nb5 Qxd2 20. Rxd2 a6 21. Nd6 Rad8 22. Rfd1 Rd7 23. f4 Nc6 24. Ne4 Rxd2 25. Nxf6+ gxf6 26. Rxd2 Rd8 27. Rxd8+ Nxd8 28. Kf2 b5 29. axb5 axb5 30. Bd5 Ne6 31. g4 Kf8 32. h4 Ke7 33. h5 gxh5 34. gxh5 Kf8 35. Ke2 Kg7 36. Kd3 Kh6 37. f5 Ng7 38. Bxf7 Nxf5 39. Ke4 Nd6+ 40. Kd5 Nxf7 41. Kxc5 Kxh5 42. Kxb5 Kg5 43. Kc5 Kf5 44. b4 Ke4 45. b5 Kxe3 46. Kd5 f5 47. Ke6 f4 0-1

[Event "Titled Tuesday intern op 28th Dec"]
[Site "Chess.com INT"]
[Date "2021.12.28"]
[Round "2"]
[White "Cruz Ravina, Francisco Javier"]
[Black "Bayramov, Zaur"]
[Result "0-1"]
[WhiteElo "2411"]
[BlackElo "2357"]
[PlyCount "100"]
[EventDate "2021.12.28"]
[EventType "swiss (blitz)"]
[EventRounds "11"]
[EventCountry "USA"]
[SourceTitle "CBM 206 Extra"]
[Source "ChessBase"]
[SourceDate "2022.03.31"]
[SourceVersion "1"]
[SourceVersionDate "2022.03.31"]
[SourceQuality "1"]

1. e4 Nf6 2. e5 Nd5 3. d4 d6 4. c4 Nb6 5. exd6 cxd6 6. Nc3 g6 7. h3 Bg7 8. Nf3 O-O 9. Be3 N8d7 10. Be2 Nf6 11. O-O d5 12. c5 Nc4 13. Bxc4 dxc4 14. d5 b5 15. cxb6 axb6 16. Qd2 Bb7 17. Rfd1 b5 18. Nxb5 Qxd5 19. Qxd5 Nxd5 20. Bd4 Nf4 21. Bxg7 Kxg7 22. Ne1 Rfd8 23. Nc3 e5 24. h4 e4 25. Rxd8 Rxd8 26. Rd1 Nd3 27. Nxd3 cxd3 28. Rd2 f5 29. g3 Kf6 30. Kf1 h6 31. Nd1 g5 32. hxg5+ hxg5 33. b4 Ke5 34. b5 f4 35. gxf4+ gxf4 36. Rb2 Rh8 37. Ke1 Kd4 38. Rb4+ Kc5 39. a3 Ra8 40. Rb3 Bd5 41. Rc3+ Kd4 42. Kd2 Ra5 43. b6 Rb5 44. a4 Rxb6 45. Ra3 Rh6 46. a5 Rh2 47. Ra4+ Bc4 48. Ke1 e3 49. fxe3+ fxe3 50. Nxe3 Kxe3 0-1

[Event "Titled Tuesday intern op 28th Dec"]
[Site "Chess.com INT"]
[Date "2021.12.28"]
[Round "2"]
[White "Dauner, Benedikt"]
[Black "Khamdamova, Afruza"]
[Result "0-1"]
[WhiteElo "2331"]
[BlackElo "1771"]
[PlyCount "116"]
[EventDate "2021.12.28"]
[EventType "swiss (blitz)"]
[EventRounds "11"]
[EventCountry "USA"]
[SourceTitle "CBM 206 Extra"]
[Source "ChessBase"]
[SourceDate "2022.03.31"]
[SourceVersion "1"]
[SourceVersionDate "2022.03.31"]
[SourceQuality "1"]

1. d4 Nf6 2. Nf3 d5 3. c3 Bf5 4. Qb3 b6 5. c4 e6 6. Nc3 dxc4 7. Qxc4 Nbd7 8. Bf4 c5 9. dxc5 Bxc5 10. e4 Bg4 11. Be2 O-O 12. O-O Rc8 13. Qa4 Bxf3 14. Bxf3 e5 15. Bg5 Bd4 16. Nd5 h6 17. Bh4 g5 18. Bg3 g4 19. Be2 Nc5 20. Nxf6+ Qxf6 21. Qc2 h5 22. h4 Ne6 23. Qa4 Nf4 24. Bc4 Bxb2 25. Rad1 Bd4 26. Bb3 Rc3 27. Kh2 Ng6 28. Rxd4 exd4 29. e5 Nxe5 30. Qxa7 Ng6 31. Re1 Rc5 32. Qd7 Nxh4 33. Kg1 Nf5 34. Bf4 h4 35. g3 hxg3 36. fxg3 Ne3 37. Bxe3 dxe3 38. Qxg4+ Rg5 39. Qh4 Qf2+ 40. Kh1 Rxg3 41. Qxg3+ Qxg3 42. Rg1 Qxg1+ 43. Kxg1 Rd8 44. Kf1 Rd2 45. Ke1 Rh2 46. Kf1 Kg7 47. Kg1 e2 48. Kxh2 e1=Q 49. Kg2 Qd2+ 50. Kg3 f5 51. Bd5 f4+ 52. Kf3 Qe3+ 53. Kg4 Qe2+ 54. Bf3 Qe3 55. a4 Kf6 56. a5 Ke5 57. a6 Qg1+ 58. Kh5 Qg7 0-1

[Event "Titled Tuesday intern op 28th Dec"]
[Site "Chess.com INT"]
[Date "2021.12.28"]
[Round "2"]
[White "Degtiarev, Evgeny"]
[Black "Vypkhaniuk, Igor"]
[Result "1/2-1/2"]
[WhiteElo "2380"]
[BlackElo "2426"]
[PlyCount "110"]
[EventDate "2021.12.28"]
[EventType "swiss (blitz)"]
[EventRounds "11"]
[EventCountry "USA"]
[SourceTitle "CBM 206 Extra"]
[Source "ChessBase"]
[SourceDate "2022.03.31"]
[SourceVersion "1"]
[SourceVersionDate "2022.03.31"]
[SourceQuality "1"]

1. d4 d6 2. c4 g6 3. Nc3 Bg7 4. e4 Nc6 5. Be3 e5 6. d5 Nd4 7. Nge2 Nxe2 8. Bxe2 h5 9. Qd2 Bh6 10. c5 Kf8 11. Bxh6+ Nxh6 12. cxd6 cxd6 13. O-O Kg7 14. f4 exf4 15. Qxf4 Qe7 16. Rae1 f6 17. Nb5 Nf7 18. Rc1 Rd8 19. Rc7 Rd7 20. Rfc1 Rxc7 21. Rxc7 Bd7 22. Nd4 Qd8 23. Rxb7 Rb8 24. Rxb8 Qxb8 25. b3 Qb6 26. Qf2 Ne5 27. h3 Qa5 28. Bc4 Qc3 29. Ne6+ Bxe6 30. dxe6 Nc6 31. Bd5 Ne7 32. Qxa7 Qc1+ 33. Kf2 Qd2+ 34. Kf3 Qd3+ 35. Kf2 Qd2+ 36. Kf3 Qd1+ 37. Kf2 Qc2+ 38. Kg3 Kf8 39. Qa8+ Nc8 40. Bc6 Qc3+ 41. Kh2 Qe5+ 42. Kg1 Qd4+ 43. Kh1 Qa1+ 44. Kh2 Qe5+ 45. Kg1 Qd4+ 46. Kf1 Qd3+ 47. Kg1 Qe3+ 48. Kh2 Qf4+ 49. Kg1 Qe3+ 50. Kf1 Qc1+ 51. Kf2 Qd2+ 52. Kf3 Qd3+ 53. Kf2 Qd2+ 54. Kg1 Qc1+ 55. Kf2 Qd2+ 1/2-1/2

[Event "Titled Tuesday intern op 28th Dec"]
[Site "Chess.com INT"]
[Date "2021.12.28"]
[Round "2"]
[White "Derraugh, Geordie"]
[Black "Roebers, Jan"]
[Result "1-0"]
[WhiteElo "2209"]
[BlackElo "2154"]
[PlyCount "77"]
[EventDate "2021.12.28"]
[EventType "swiss (blitz)"]
[EventRounds "11"]
[EventCountry "USA"]
[SourceTitle "CBM 206 Extra"]
[Source "ChessBase"]
[SourceDate "2022.03.31"]
[SourceVersion "1"]
[SourceVersionDate "2022.03.31"]
[SourceQuality "1"]

1. e4 e5 2. Nf3 Nc6 3. Bc4 Nf6 4. d3 Be7 5. O-O O-O 6. c3 d6 7. h3 a6 8. b4 b5 9. Bb3 a5 10. bxa5 Nxa5 11. Bc2 c5 12. Bg5 h6 13. Bh4 Nc6 14. Nbd2 b4 15. cxb4 Nxb4 16. Nc4 Rxa2 17. Rxa2 Nxa2 18. Bb3 Nb4 19. Qd2 Nc6 20. Ra1 Nxe4 21. dxe4 Bxh4 22. Qxd6 Nd4 23. Nxd4 cxd4 24. Qxd8 Rxd8 25. Nxe5 Be6 26. Bxe6 fxe6 27. Nd3 Rc8 28. g3 Rc3 29. Rd1 Bf6 30. e5 Be7 31. Kg2 Kf7 32. Kf3 Bd8 33. Ke4 Rc2 34. Kxd4 Bb6+ 35. Ke4 Bxf2 36. Rf1 Re2+ 37. Kf3 Re3+ 38. Kxf2 Rxd3 39. Ke2+ 1-0

[Event "Titled Tuesday intern op 28th Dec"]
[Site "Chess.com INT"]
[Date "2021.12.28"]
[Round "2"]
[White "Djokic, Mihailo"]
[Black "Nastore, Pavel Alexandru"]
[Result "1-0"]
[WhiteElo "2254"]
[BlackElo "2329"]
[PlyCount "93"]
[EventDate "2021.12.28"]
[EventType "swiss (blitz)"]
[EventRounds "11"]
[EventCountry "USA"]
[SourceTitle "CBM 206 Extra"]
[Source "ChessBase"]
[SourceDate "2022.03.31"]
[SourceVersion "1"]
[SourceVersionDate "2022.03.31"]
[SourceQuality "1"]

1. e4 e5 2. Nf3 Nc6 3. Nc3 Nf6 4. Bb5 Bc5 5. Nxe5 Nxe5 6. d4 Bd6 7. f4 Ng6 8. e5 Be7 9. f5 Nh4 10. O-O O-O 11. exf6 Bxf6 12. g3 c6 13. Be2 d5 14. gxh4 Qb6 15. Rf4 Re8 16. Bf3 Bd7 17. Na4 Qa5 18. c3 b6 19. b4 Qa6 20. Nb2 c5 21. Qd3 Bb5 22. Qd2 cxd4 23. cxd4 Qa3 24. Nc4 Qa6 25. Ne3 Rad8 26. Bb2 Bc6 27. a4 Qb7 28. b5 Bd7 29. Bxd5 Qb8 30. Rg4 Bc8 31. Bc6 Rxe3 32. Qxe3 Qd6 33. Re1 Bxf5 34. Qe8+ Rxe8 35. Rxe8+ Qf8 36. Rxf8+ Kxf8 37. Ba3+ Kg8 38. Rf4 Bg6 39. Bd6 h6 40. Bb8 Bh7 41. Bxa7 Kf8 42. Bxb6 Ke7 43. Bc5+ Ke6 44. d5+ Ke5 45. Rf2 Be4 46. d6 Bxc6 47. bxc6 1-0

[Event "Titled Tuesday intern op 28th Dec"]
[Site "Chess.com INT"]
[Date "2021.12.28"]
[Round "2"]
[White "Djordjevic, Vuk D"]
[Black "Shubenkova, Veronika"]
[Result "1-0"]
[WhiteElo "2382"]
[BlackElo "1762"]
[PlyCount "47"]
[EventDate "2021.12.28"]
[EventType "swiss (blitz)"]
[EventRounds "11"]
[EventCountry "USA"]
[SourceTitle "CBM 206 Extra"]
[Source "ChessBase"]
[SourceDate "2022.03.31"]
[SourceVersion "1"]
[SourceVersionDate "2022.03.31"]
[SourceQuality "1"]

1. d4 d5 2. Nf3 Nf6 3. c4 c6 4. Nc3 g6 5. Bg5 Bg7 6. e3 O-O 7. Bd3 Nbd7 8. O-O b6 9. cxd5 Nxd5 10. Nxd5 cxd5 11. Rc1 Bb7 12. Qa4 a6 13. Rc2 b5 14. Qa3 f6 15. Bh4 Qb6 16. Qxe7 Rf7 17. Qb4 Qe6 18. Rc7 Nb6 19. Rfc1 Nc4 20. Rxf7 Qxf7 21. b3 Bf8 22. Qe1 Nd6 23. Bg3 Ne4 24. Rc7 1-0

[Event "Titled Tuesday intern op 28th Dec"]
[Site "Chess.com INT"]
[Date "2021.12.28"]
[Round "2"]
[White "Dolzhikova, Kateryna"]
[Black "Broca Jimenez, Fernando"]
[Result "0-1"]
[WhiteElo "2161"]
[BlackElo "2075"]
[PlyCount "104"]
[EventDate "2021.12.28"]
[EventType "swiss (blitz)"]
[EventRounds "11"]
[EventCountry "USA"]
[SourceTitle "CBM 206 Extra"]
[Source "ChessBase"]
[SourceDate "2022.03.31"]
[SourceVersion "1"]
[SourceVersionDate "2022.03.31"]
[SourceQuality "1"]

1. Nf3 Nf6 2. c4 g6 3. g3 Bg7 4. Bg2 O-O 5. O-O d5 6. Nc3 d4 7. Nb5 c5 8. e3 a6 9. Na3 Nc6 10. exd4 cxd4 11. d3 Bg4 12. h3 Bd7 13. Re1 Re8 14. Nc2 e5 15. b4 e4 16. dxe4 Nxe4 17. Nfxd4 Nc3 18. Rxe8+ Bxe8 19. Qe1 Nxd4 20. Nxd4 Qxd4 21. Bb2 Ne2+ 22. Qxe2 Qxb2 23. Qxb2 Bxb2 24. Rb1 Bc3 25. Bxb7 Rb8 26. Bxa6 Rxb4 27. Rc1 Bc6 28. g4 Bd4 29. Rd1 Be5 30. Re1 f6 31. Rd1 Rb2 32. Bb5 Bxb5 33. cxb5 Rxb5 34. Rf1 Ra5 35. Re1 Rxa2 36. Kg2 Ra1 37. Re2 Kf7 38. Rd2 Ke6 39. Re2 Kd5 40. Rd2+ Bd4 41. Rc2 Ra7 42. Rc8 Rd7 43. Re8 g5 44. Kf3 Be5 45. Rf8 Ke6 46. Re8+ Kf7 47. Ra8 Rb7 48. Ke4 Rb4+ 49. Kd5 Rd4+ 50. Kc6 Rd2 51. f3 Rd3 52. Ra7+ Kg6 0-1

[Event "Titled Tuesday intern op 28th Dec"]
[Site "Chess.com INT"]
[Date "2021.12.28"]
[Round "2"]
[White "Elgersma, Onno"]
[Black "Kezin, Roman"]
[Result "0-1"]
[WhiteElo "2282"]
[BlackElo "2494"]
[PlyCount "74"]
[EventDate "2021.12.28"]
[EventType "swiss (blitz)"]
[EventRounds "11"]
[EventCountry "USA"]
[SourceTitle "CBM 206 Extra"]
[Source "ChessBase"]
[SourceDate "2022.03.31"]
[SourceVersion "1"]
[SourceVersionDate "2022.03.31"]
[SourceQuality "1"]

1. c4 e6 2. Nc3 d5 3. e3 Nf6 4. Nf3 b6 5. d4 Bb7 6. Bd3 Nbd7 7. O-O Bd6 8. b3 O-O 9. Bb2 Ne4 10. Rc1 a6 11. cxd5 exd5 12. Ne2 Qe7 13. Ng3 g6 14. Qc2 Rac8 15. Qe2 b5 16. a4 c6 17. axb5 cxb5 18. Nd2 Nef6 19. f3 h5 20. e4 h4 21. Nh1 Bf4 22. e5 Nh5 23. Nf2 Qg5 24. Rcd1 Bxh2+ 25. Kxh2 Nf4 26. Nh3 Qg3+ 27. Kh1 Nxe2 28. Bxe2 Rc2 29. Ba3 Rfc8 30. Bd3 R2c3 31. Bb1 Nf8 32. Be7 Ne6 33. f4 Qg4 34. f5 Rxh3+ 35. gxh3 Qxh3+ 36. Kg1 Rc3 37. Rf2 Rg3+ 0-1

[Event "Titled Tuesday intern op 28th Dec"]
[Site "Chess.com INT"]
[Date "2021.12.28"]
[Round "2"]
[White "Estrada Nieto, Julian"]
[Black "Sluka, Radek"]
[Result "1-0"]
[WhiteElo "2253"]
[BlackElo "2330"]
[PlyCount "45"]
[EventDate "2021.12.28"]
[EventType "swiss (blitz)"]
[EventRounds "11"]
[EventCountry "USA"]
[SourceTitle "CBM 206 Extra"]
[Source "ChessBase"]
[SourceDate "2022.03.31"]
[SourceVersion "1"]
[SourceVersionDate "2022.03.31"]
[SourceQuality "1"]

1. e4 c5 2. Nf3 Nc6 3. Bb5 Qb6 4. Nc3 e6 5. Bxc6 Qxc6 6. O-O a6 7. d4 cxd4 8. Qxd4 b5 9. Re1 Ne7 10. a4 Rb8 11. axb5 axb5 12. Bf4 Rb6 13. Ra7 Ng6 14. Rc7 Nxf4 15. Rxc6 Rxc6 16. e5 Ng6 17. Nxb5 Bc5 18. Nd6+ Ke7 19. Qd2 Bxd6 20. exd6+ Rxd6 21. Qb4 Ba6 22. Rd1 Rb8 23. Qxd6+ 1-0

[Event "Titled Tuesday intern op 28th Dec"]
[Site "Chess.com INT"]
[Date "2021.12.28"]
[Round "2"]
[White "Gabrielian, Artur"]
[Black "Adewumi, Tanitoluwa"]
[Result "1-0"]
[WhiteElo "2464"]
[BlackElo "2136"]
[PlyCount "45"]
[EventDate "2021.12.28"]
[EventType "swiss (blitz)"]
[EventRounds "11"]
[EventCountry "USA"]
[SourceTitle "CBM 206 Extra"]
[Source "ChessBase"]
[SourceDate "2022.03.31"]
[SourceVersion "1"]
[SourceVersionDate "2022.03.31"]
[SourceQuality "1"]

1. e4 e6 2. d3 d5 3. Qe2 Nf6 4. Nf3 Be7 5. g3 O-O 6. Bg2 c5 7. O-O Nc6 8. e5 Nd7 9. c4 d4 10. Nbd2 Qc7 11. Re1 Kh8 12. h4 f6 13. exf6 Bxf6 14. Ne4 a5 15. Neg5 Nde5 16. Qe4 g6 17. Bf4 Nxf3+ 18. Nxf3 e5 19. Nxe5 Bf5 20. Nxg6+ Bxg6 21. Bxc7 Bxe4 22. Bxe4 Rac8 23. Bd6 1-0

[Event "Titled Tuesday intern op 28th Dec"]
[Site "Chess.com INT"]
[Date "2021.12.28"]
[Round "2"]
[White "Garagulya, Konstantin"]
[Black "Zhang, Alan"]
[Result "0-1"]
[WhiteElo "2389"]
[BlackElo "2077"]
[PlyCount "108"]
[EventDate "2021.12.28"]
[EventType "swiss (blitz)"]
[EventRounds "11"]
[EventCountry "USA"]
[SourceTitle "CBM 206 Extra"]
[Source "ChessBase"]
[SourceDate "2022.03.31"]
[SourceVersion "1"]
[SourceVersionDate "2022.03.31"]
[SourceQuality "1"]

1. d4 Nf6 2. Nf3 d5 3. c4 e6 4. Bg5 Be7 5. Nbd2 O-O 6. e3 b6 7. Bxf6 Bxf6 8. cxd5 exd5 9. Qc2 Bb7 10. Bd3 h6 11. b4 Nd7 12. Rc1 Rc8 13. Nb3 c6 14. O-O Qe7 15. a3 Rfd8 16. Rfd1 Nf8 17. Qe2 Ne6 18. Ba6 Bxa6 19. Qxa6 c5 20. bxc5 bxc5 21. dxc5 Nxc5 22. Nxc5 Rxc5 23. Rb1 Rdc8 24. h3 R8c7 25. Rb5 Kh7 26. Rxd5 Rxb5 27. Rxb5 Rc1+ 28. Kh2 Ra1 29. Rb7 Qxa3 30. Qxa3 Rxa3 31. Rxf7 a5 32. Ra7 a4 33. g4 Ra2 34. Kg3 a3 35. h4 Kg6 36. h5+ Kh7 37. Nd4 Bxd4 38. exd4 Rd2 39. Rxa3 Rxd4 40. f3 Rc4 41. Ra7 Rc1 42. Ra6 Re1 43. Kf4 Rd1 44. Rd6 Rxd6 45. Ke5 Rb6 46. f4 g6 47. hxg6+ Kxg6 48. Ke4 Rb4+ 49. Kf3 h5 50. gxh5+ Kxh5 51. Kg3 Rc4 52. Kf3 Rb4 53. Kg3 Rb3+ 54. Kf2 Kg4 0-1

[Event "Titled Tuesday intern op 28th Dec"]
[Site "Chess.com INT"]
[Date "2021.12.28"]
[Round "2"]
[White "Gevorgyan, Maria"]
[Black "Kiseleva, Arina"]
[Result "1-0"]
[WhiteElo "2218"]
[BlackElo "1962"]
[PlyCount "55"]
[EventDate "2021.12.28"]
[EventType "swiss (blitz)"]
[EventRounds "11"]
[EventCountry "USA"]
[SourceTitle "CBM 206 Extra"]
[Source "ChessBase"]
[SourceDate "2022.03.31"]
[SourceVersion "1"]
[SourceVersionDate "2022.03.31"]
[SourceQuality "1"]

1. e4 c5 2. Nc3 Nc6 3. Bb5 e6 4. Bxc6 bxc6 5. d3 d5 6. Nge2 g6 7. O-O Bg7 8. f4 Ne7 9. Ng3 O-O 10. Nce2 Rb8 11. Rb1 Ba6 12. b3 c4 13. dxc4 dxc4 14. b4 Qb6+ 15. Kh1 c3 16. Rf3 Bc4 17. a3 a5 18. Nxc3 axb4 19. axb4 Rfd8 20. Qe1 Qd4 21. h3 c5 22. b5 Qd7 23. Ba3 Bxc3 24. Qxc3 Rxb5 25. Rxb5 Qxb5 26. Bb2 Rd1+ 27. Kh2 Bf1 28. Qg7# 1-0

[Event "Titled Tuesday intern op 28th Dec"]
[Site "Chess.com INT"]
[Date "2021.12.28"]
[Round "2"]
[White "Goltsev, Dmitry"]
[Black "Hasman, Cengiz"]
[Result "1/2-1/2"]
[WhiteElo "2215"]
[BlackElo "2101"]
[PlyCount "66"]
[EventDate "2021.12.28"]
[EventType "swiss (blitz)"]
[EventRounds "11"]
[EventCountry "USA"]
[SourceTitle "CBM 206 Extra"]
[Source "ChessBase"]
[SourceDate "2022.03.31"]
[SourceVersion "1"]
[SourceVersionDate "2022.03.31"]
[SourceQuality "1"]

1. e4 d6 2. d4 Nf6 3. Nc3 Nbd7 4. h3 e5 5. Nf3 c6 6. a4 Be7 7. Bc4 a5 8. g4 Qc7 9. g5 Nh5 10. dxe5 dxe5 11. Nh4 g6 12. Nf5 Bb4 13. Be3 Nb6 14. Bb3 Be6 15. Bxe6 fxe6 16. Nh6 Nc4 17. Qc1 O-O-O 18. O-O Rhf8 19. Ne2 Bd2 20. Bxd2 Nxd2 21. Rd1 Nf3+ 22. Kh1 Rxd1+ 23. Qxd1 Nxg5 24. Nc3 Nxh3 25. Kg2 Nxf2 26. Qd2 Qe7 27. Rd1 Nf4+ 28. Kxf2 Qh4+ 29. Kg1 Qg3+ 30. Kh1 Qh3+ 31. Kg1 Qg3+ 32. Kh1 Qh3+ 33. Kg1 Qg3+ 1/2-1/2

[Event "Titled Tuesday intern op 28th Dec"]
[Site "Chess.com INT"]
[Date "2021.12.28"]
[Round "2"]
[White "Goncharov, Vladimir"]
[Black "Havanecz, Bianka"]
[Result "0-1"]
[WhiteElo "2077"]
[BlackElo "2229"]
[PlyCount "82"]
[EventDate "2021.12.28"]
[EventType "swiss (blitz)"]
[EventRounds "11"]
[EventCountry "USA"]
[SourceTitle "CBM 206 Extra"]
[Source "ChessBase"]
[SourceDate "2022.03.31"]
[SourceVersion "1"]
[SourceVersionDate "2022.03.31"]
[SourceQuality "1"]

1. e4 c6 2. d4 d5 3. Nc3 dxe4 4. Nxe4 Nf6 5. Nxf6+ exf6 6. c3 Bd6 7. Bd3 O-O 8. Qc2 Re8+ 9. Ne2 h5 10. h3 h4 11. O-O Nd7 12. Be3 Nf8 13. c4 Bd7 14. Rad1 Qc8 15. Nf4 Qc7 16. Qd2 g6 17. c5 Be7 18. b4 f5 19. d5 Bf6 20. d6 Qd8 21. Bc4 Ne6 22. Ne2 a5 23. a3 axb4 24. Qxb4 Be5 25. Rb1 f4 26. Bxe6 fxe3 27. Bxd7 exf2+ 28. Rxf2 Qxd7 29. Qxb7 Red8 30. Qb4 Bg3 31. Nxg3 hxg3 32. Rf3 Ra7 33. Rbf1 Qe6 34. Rxg3 Qd5 35. Kh1 Rda8 36. Rgf3 Ra4 37. Qe1 R4a7 38. Qe3 Rxa3 39. Qxa3 Rxa3 40. Rxa3 Qxc5 41. Rd3 Qc4 0-1

[Event "Titled Tuesday intern op 28th Dec"]
[Site "Chess.com INT"]
[Date "2021.12.28"]
[Round "2"]
[White "Grot, Blazej"]
[Black "Pandey, Srishti"]
[Result "0-1"]
[WhiteElo "1822"]
[BlackElo "2177"]
[PlyCount "46"]
[EventDate "2021.12.28"]
[EventType "swiss (blitz)"]
[EventRounds "11"]
[EventCountry "USA"]
[SourceTitle "CBM 206 Extra"]
[Source "ChessBase"]
[SourceDate "2022.03.31"]
[SourceVersion "1"]
[SourceVersionDate "2022.03.31"]
[SourceQuality "1"]

1. e4 e6 2. d4 d5 3. Nc3 Bb4 4. exd5 exd5 5. Bd3 Ne7 6. Nge2 Nbc6 7. O-O f6 8. a3 Bd6 9. Ng3 Be6 10. Re1 Qd7 11. Qe2 Bf7 12. Nf5 O-O-O 13. Nxd6+ Qxd6 14. Qg4+ Kb8 15. Bf4 Qd7 16. Nb5 Qxg4 17. Bxc7+ Ka8 18. Bg3 a6 19. Nc7+ Ka7 20. b4 Nf5 21. h3 Qg5 22. Bh2 Ncxd4 23. c3 Nf3+ 0-1

[Event "Titled Tuesday intern op 28th Dec"]
[Site "Chess.com INT"]
[Date "2021.12.28"]
[Round "2"]
[White "Gurevich, Dmitry"]
[Black "Kuznetsov, Mikhail V"]
[Result "1-0"]
[WhiteElo "2358"]
[BlackElo "2234"]
[PlyCount "67"]
[EventDate "2021.12.28"]
[EventType "swiss (blitz)"]
[EventRounds "11"]
[EventCountry "USA"]
[SourceTitle "CBM 206 Extra"]
[Source "ChessBase"]
[SourceDate "2022.03.31"]
[SourceVersion "1"]
[SourceVersionDate "2022.03.31"]
[SourceQuality "1"]

1. d4 Nf6 2. c4 e6 3. Nf3 Bb4+ 4. Bd2 Qe7 5. g3 O-O 6. Bg2 Ne4 7. O-O Nxd2 8. Nbxd2 Bxd2 9. Qxd2 d6 10. Rac1 Re8 11. Rfd1 e5 12. c5 e4 13. cxd6 cxd6 14. Qg5 Qxg5 15. Nxg5 d5 16. f3 h6 17. Nh3 Bxh3 18. Bxh3 Nc6 19. Bd7 exf3 20. Bxe8 fxe2 21. Rd2 Rxe8 22. Re1 Re4 23. Rexe2 f5 24. Rxe4 fxe4 25. Kf2 Kf7 26. Ke3 Ke6 27. Rc2 Kd6 28. a3 Na5 29. h4 Nc4+ 30. Kf4 Ke6 31. h5 b5 32. g4 a5 33. b3 Nxa3 34. Rc6+ 1-0

[Event "Titled Tuesday intern op 28th Dec"]
[Site "Chess.com INT"]
[Date "2021.12.28"]
[Round "2"]
[White "Guseinov, Gadir"]
[Black "Hardaway, Brewington"]
[Result "1-0"]
[WhiteElo "2661"]
[BlackElo "2207"]
[PlyCount "91"]
[EventDate "2021.12.28"]
[EventType "swiss (blitz)"]
[EventRounds "11"]
[EventCountry "USA"]
[SourceTitle "CBM 206 Extra"]
[Source "ChessBase"]
[SourceDate "2022.03.31"]
[SourceVersion "1"]
[SourceVersionDate "2022.03.31"]
[SourceQuality "1"]

1. e4 e5 2. Nf3 Nc6 3. Bb5 Nf6 4. O-O Nxe4 5. d4 Nd6 6. dxe5 Nxb5 7. a4 Nbd4 8. Nxd4 Nxd4 9. Qxd4 d5 10. Qd3 g6 11. Rd1 c6 12. b3 Bf5 13. Qc3 Bg7 14. Ba3 Qc7 15. f4 O-O-O 16. a5 d4 17. Qd2 c5 18. Bb2 f6 19. exf6 Bxf6 20. Na3 Qc6 21. Nc4 Rhe8 22. Re1 Bh4 23. Re5 Bf6 24. Ree1 Bh4 25. Re2 Qd5 26. Re5 Qc6 27. Ba3 Rxe5 28. fxe5 Be7 29. Rf1 b5 30. axb6 axb6 31. Bc1 b5 32. Nd6+ Bxd6 33. exd6 Qxd6 34. Qa5 Qb8 35. Bg5 Re8 36. Qa6+ Qb7 37. Qd6 Qc7 38. Qa6+ Qb7 39. Qf6 Qd5 40. Bf4 Re2 41. Qf8+ Kd7 42. Qg7+ Re7 43. Qf6 Bxc2 44. Ra1 Bd3 45. Ra7+ Kc8 46. Qxe7 1-0

[Event "Titled Tuesday intern op 28th Dec"]
[Site "Chess.com INT"]
[Date "2021.12.28"]
[Round "2"]
[White "Hjartarson, Johann"]
[Black "Dahlgren, James Allen"]
[Result "1-0"]
[WhiteElo "2470"]
[BlackElo "1858"]
[PlyCount "49"]
[EventDate "2021.12.28"]
[EventType "swiss (blitz)"]
[EventRounds "11"]
[EventCountry "USA"]
[SourceTitle "CBM 206 Extra"]
[Source "ChessBase"]
[SourceDate "2022.03.31"]
[SourceVersion "1"]
[SourceVersionDate "2022.03.31"]
[SourceQuality "1"]

1. e4 e6 2. d4 c5 3. d5 Nf6 4. Nc3 d6 5. Nf3 g6 6. Bb5+ Bd7 7. a4 e5 8. O-O Be7 9. h3 O-O 10. Bh6 Re8 11. Nd2 Nh5 12. Nc4 Nf4 13. Bxf4 exf4 14. Qf3 g5 15. e5 Bxb5 16. axb5 f6 17. exd6 Bxd6 18. Rfe1 Be5 19. d6 Nd7 20. Qxb7 Rb8 21. Qd5+ Kg7 22. Rxa7 Bxc3 23. Re7+ Rxe7 24. dxe7 Qxe7 25. Rxd7 1-0

[Event "Titled Tuesday intern op 28th Dec"]
[Site "Chess.com INT"]
[Date "2021.12.28"]
[Round "2"]
[White "Hollan, Petr"]
[Black "Sethuraman, Sandeep"]
[Result "1-0"]
[WhiteElo "2285"]
[BlackElo "2613"]
[PlyCount "137"]
[EventDate "2021.12.28"]
[EventType "swiss (blitz)"]
[EventRounds "11"]
[EventCountry "USA"]
[SourceTitle "CBM 206 Extra"]
[Source "ChessBase"]
[SourceDate "2022.03.31"]
[SourceVersion "1"]
[SourceVersionDate "2022.03.31"]
[SourceQuality "1"]

1. e4 e5 2. Nf3 Nc6 3. Bb5 a6 4. Ba4 d6 5. h3 Bd7 6. c3 Nf6 7. Qe2 g6 8. d3 Bg7 9. Nbd2 O-O 10. Bc2 Re8 11. Nf1 d5 12. g4 Be6 13. Ng3 d4 14. Bg5 Qd6 15. Rg1 Nd7 16. Nf5 Bxf5 17. gxf5 Nc5 18. Bd2 Rad8 19. c4 a5 20. a3 a4 21. Nh4 Rb8 22. Bb4 b5 23. cxb5 Rxb5 24. Bxa4 Rxb4 25. axb4 Nxa4 26. Rxa4 Nxb4 27. Qd2 c5 28. Ke2 Rb8 29. Rga1 Bf8 30. Ra8 c4 31. dxc4 d3+ 32. Kf3 Nc2 33. R1a6 Qd8 34. Rxb8 Qxb8 35. Qxd3 Nb4 36. Qa3 Nxa6 37. Qxa6 Qd8 38. Ng2 gxf5 39. exf5 Qd4 40. Ne3 Qf4+ 41. Ke2 Qd4 42. Qb7 e4 43. Qd5 Qxb2+ 44. Kf1 Qb1+ 45. Kg2 Be7 46. c5 Qc1 47. c6 Bg5 48. Qxe4 Kg7 49. f6+ Bxf6 50. Nf5+ Kg6 51. Ng3+ Kg7 52. Nf5+ Kg6 53. Nd6+ Kh6 54. Nf5+ Kg5 55. Ng3 Qf4 56. Qxf4+ Kxf4 57. Nh5+ Ke5 58. Nxf6 Kd6 59. c7 Kxc7 60. Nxh7 Kd6 61. Ng5 f5 62. Nf3 Ke6 63. Ng1 f4 64. Ne2 Kf5 65. Nxf4 Kxf4 66. f3 Kf5 67. Kg3 Kg5 68. f4+ Kh5 69. h4 1-0